000 004760000a22001570004500
003 MACL
005 20170919165214.0
008 170919b xxu||||| |||| 00| 0 eng d
040 _aMACL
_cMACL
100 _aडा ऋषि मोहन
_969171
245 _aमछली का परिचय
260 _bअनमोल साहित्‍य
_c2002
_aदिल्‍ली
350 _a40
650 _aबाल कक्ष
_969170
942 _cHIN
_k741.642
_2ddc
999 _c10317
_d10317